| 000 | 01141nam a2200265Ia 4500 | ||
|---|---|---|---|
| 001 | 19372 | ||
| 003 | GE_BSU | ||
| 008 | 181216s||||||||xx |||||||||||||| ||und|| | ||
| 040 | _cGE_BSU | ||
| 080 | _a621.01 | ||
| 100 | _aეზიკაშვილი, ოთარ | ||
| 245 | _aმანქანათა ნაწილები | ||
| 245 | _b[სახელმძღვ. უმაღლ. ტექნ. სასწ.] | ||
| 245 | _cრედ:პ.ლაბარტყავა | ||
| 250 | _a- მე-2 შევსებული და გადამუშავებული გამოცემა | ||
| 260 | _aთბილისი | ||
| 260 | _bგანათლება | ||
| 260 | _c1991 | ||
| 300 | _a640 გვ;20 სმ. | ||
| 300 | _bბიბლიოგრ.: გვ. 639. | ||
| 653 | _aინჟინერია | ||
| 653 | _aმანქანათა ნაწილები | ||
| 653 | _aმანქანათა ნაწილების სახელმძღვანელოები უმაღლესი სასწავლებლებისათვის; | ||
| 942 | _cBK | ||
| 999 |
_c52354 _d52354 |
||